000 01111nam a2200301 i 4500
003 DO-SdBNP
005 20250917085625.0
007 ta
008 230918b2023 dr a|||| |||| 00| 0 spa d
020 _a9789945185263
040 _aDO-SdBNP
_bspa
_cBNPHU
_erda
041 _aspa
082 4 _aRD866.5
_bS585t
_222
245 0 0 _aSiluetas tejidas a mar y luna /
_ccuidado de edición y corrección, María Carla Picón ; ilustración, Hermis Rodríguez Botier.
250 _aPrimera edición
264 4 _aSanto Domingo, República Dominicana :
_bCirculo Literario entre Amigas Tejedora,
_c©2023.
300 _a185 páginas :
_bilustraciones ;
_c23 cm.
336 _atexto
_btxt
_2rdacontent
337 _asin mediación
_bn
_2rdamedia
338 _avolumen
_bnc
_2rdacarrier
590 _aInventariado, 2023/BT
650 4 _aCartas dominicanas
_914827
650 4 _aLiteratura dominicana
700 1 _aPicón, María Carla,
_eeditor, corrector
_4ed., corr.
_983657
700 1 _aRodríguez Botier, Hermis,
_eilustrador
_4il.
_984160
910 _aBtavárez/Validado. Control de calidad MFF
942 _2ddc
_cLBS1
999 _c54802
_d54802